| 000 | 00582nam a2200193 a 4500 | ||
|---|---|---|---|
| 001 | 000713638 | ||
| 003 | AM-YeHGA | ||
| 005 | 20250618073717.0 | ||
| 008 | 100215s1912 gs r 000 0 arm d | ||
| 040 | _aAM-YeHGA | ||
| 041 | 0 | _aarm | |
| 100 | 0 |
_aՄովսես Կաղանկատվացի _94577 |
|
| 245 | 1 | 0 |
_aՊատմութիւն Աղուանից աշխարհի / _cՄովսես Կաղանկատվացի. |
| 260 |
_aԹիֆլիս : _bԷլեքտրատպարան, _c1912. |
||
| 300 | _a440 էջ. | ||
| 650 | 1 | 4 | _aՀայոց պատմություն |
| 090 | _c265414 | ||
| 942 | 0 | 0 | _02 |
| 999 |
_c263784 _d263784 |
||